000 00664nam a2200157 a 4500
001 000028391
005 20210408121938.0
008 110408s1978 dr a 000 0 spa d
040 _aDO-SdBNP
_bspa
_cBNPHU
082 _axxx
100 1 _aGuzmán Fernández, Silvestre Antonio,
_d1911-1982
_917126
245 1 0 _aAntonio Guzmán :
_bpresidente constitucional de la República Dominicana discurso pronunciado ante la Asamblea Nacional en la Ceremonia de Toma de Posesión el 16 de agosto de 1978.
260 _aSanto Domingo :
_bDirección General de Información y Prensa de Presidencia de la República,
_c1978.
300 _a29 p. :
_bil. ;
_c11 cm.
049 _aBNPD
999 _c27883
_d27883